Регионална библиотека "Любен Каравелов" - Русе

Събо се завръща в събота (Запис номер 175885)

MARC детайли
000 -Лидер
Контролно поле с фиксирана дължина 01368nam a2200349 c 4500
003 - Код на организацията, давaща контролен номер
Контролно поле BLK
005 - Дата и час на последна редакция
Контролно поле 20220325095443.0
008 - Елементи от данни с фиксирана дължина
fixed length control field 180411b bul|||||r ||||||| ||bul||
010 ## - Наследен системен номер
LC control number KNG00184487000
020 ## - Международен стандартен номер на книга ISBN
Международен стандартен номер на книга ISBN 978-954-357-223-6
040 ## - Източник на каталожния запис
Идентификатор на билиотеката - собственик на записа BLK
041 ## - Код за език
Код за езика на текст/звукозапис или на отделно заглавие Български
Код за езика КДБФ Български
072 #7 - Код за тематичната категория
Код организация bullib
Код за тематична категория Н85
Текст Детска художествена литература Н
080 ## - УДК
Текстов определител УДК Немска литература
УДК код - определител по УДК 821.112.2
УДК определител -93-31
УДК - код + определител 821.112.2-93-31
139 ## - Редно поле
Редна дума Маар, Паул
Авторски знак Ма - М 12
245 10 - Сведения за заглавието
Заглавие Събо се завръща в събота
Редно поле (дума) текст и ил. Паул Маар; прев. от нем. Красимира Петкова.
257 ## - Страна на издаване
Страна на създаване/издаване Германия
260 ## - Област на издателските данни
Име на издателя, разпространителя и проч. ЕМАС
Година на издаване 2011
Печатница София : Авис-24
Място на издаване, разпространение и проч. София
300 ## - Физическа характеристика
Страници 152 с.
Илюстрации и др. с ил.
Размери/Мащаб 20 см
380 ## - Жанр
Жанр Детска худож. лит.
490 ## - СЕРИИ (Колекции)
Име на серия Големите разказвачи на ХХІ век
№: серия 16
9 (RLIN) 204320
500 ## - Общи забележки
Забележка Ориг. загл. Am Samstag kam das Sams zuruck / Paul Maar.
653 ## - Ключова дума – ненормативна
Ключова дума романи
659 ## - Тематичен бюлетин
Тематичен бюлетин Н
700 1# - Други автори (авторска отговорност)
Лично име Маар, Паул
Автороска отговорност (Описва отношението между автора и произведението) текст и ил.
9 (RLIN) 376092
700 1# - Други автори (авторска отговорност)
Лично име Петкова, Красимира
Автороска отговорност (Описва отношението между автора и произведението) прев. от нем.
9 (RLIN) 372058
852 ## - Местоположение
Форматна сигнатура Цб 277852
856 4# - Електронен адрес и достъп
Електронен формат pdf - файл
856 4# - Електронен адрес и достъп
Електронен формат pdf - файл
999 ## - СИСТЕМНИ КОНТРОЛНИ НОМЕРА
Koha biblionumber 175885
Koha biblioitemnumber 175885
942 ## - АРТИКУЛИ
Вид на библиотечния материал Книги
Скрит в OPAC Не
Периодичен библиозапис Да
Koha issues (borrowed), all copies 2
944 ## - СЪЗДАВАНЕ И РЕДАКЦИЯ на ЗАПИСА
Създаване/Редакция Създаване
Дата на регистрацията/редакция 05.11.2015
Статус, дата на статуса ф /
Служител, извършил регистрацията/редакцията Виолета_Тройчева
944 ## - СЪЗДАВАНЕ И РЕДАКЦИЯ на ЗАПИСА
Създаване/Редакция Редакция
Дата на регистрацията/редакция 29.03.2017
Статус, дата на статуса ф /
Служител, извършил регистрацията/редакцията Виолета_Тройчева
999 ## - СИСТЕМНИ КОНТРОЛНИ НОМЕРА
Koha biblioitemnumber 175885
Наличности
Код за отписване Код за изгубен артикул Код за повреда Коз за рестрикции Код за отдаване Артикулен № Име на библиотеката - собственик Име на библиотеката, в която се намира в момента Статус (Текущо местоположение) Дата на вписване в системата Местоположение - отдел Цена в лева Инвентарен номер Систематично азбучна сигнатура Баркод Номер на екземпляра Цена в евро Служебна бележка Служебен тип на артикула Източник на класификационната схема
  Не е изгубен Не е повреден без рестрикции ползва се в читалня 302926 Регионална библиотека "Любен Каравелов" Русе Регионална библиотека "Любен Каравелов" Русе Хранилище 2015-11-07 Хранилище 7.00 120000794468 Цб 277852 120000794468 1 3.58 Дост: Dp Вид: Д N: 39 Дата: 09.09.2015 Книги  
  Не е изгубен Не е повреден без рестрикции заемане за дома 859822 Регионална библиотека "Любен Каравелов" Русе Регионална библиотека "Любен Каравелов" Русе Детски отдел 2021-11-03 Детски отдел 6.38   821-93/М 12 П 120000861779   3.26   Книги Universal Decimal Classification
  Не е изгубен Не е повреден без рестрикции заемане за дома 859823 Регионална библиотека "Любен Каравелов" Русе Регионална библиотека "Любен Каравелов" Русе Детски отдел 2021-11-03 Детски отдел 6.38   821-93/М 12 П 120000861780   3.26   Книги Universal Decimal Classification
Vip Innovations Ltd, Rousse, Bulgaria 2025